Most Populous Counties in Kentucky - Statistics

General Stats
  • This quiz has been taken 24 times
  • The average score is 9 of 15
Answer Stats
Population County % Correct
782,969 {Jefferson} County
95%
322,570 {Fayette} County
89%
135,968 {Boone} County
84%
169,064 {Kenton} County
74%
134,554 {Warren} County
68%
93,076 {Campbell} County
63%
67,607 {Oldham} County
58%
103,312 {Daviess} County
53%
110,702 {Hardin} County
53%
92,701 {Madison} County
53%
67,875 {McCracken} County
47%
65,034 {Pulaski} County
47%
82,217 {Bullitt} County
42%
72,748 {Christian} County
42%
62,613 {Laurel} County
37%
No matching quizzes found
Score Distribution
Percent of People with Each Score
Percentile by Number Answered
Your Score History
You have not taken this quiz